Quantum scattering theory for several particle systems /

Guardado en:
Autor Principal: Merkur'ev, S. P.
Otros Autores: Faddeev, L. D.
Formato: Libro
Idioma:English
Russian
Publicado: Dordrecht ; Boston : Kluwer Academic Publishers, c1993.
Series:Mathematical physics and applied mathematics ; v. 11
Materias:
Acceso en línea:Publisher description
Etiquetas: Agregar Etiqueta
Sin Etiquetas, Sea el primero en etiquetar este registro!
LEADER 01670pam a2200325 a 4500
001 MAT.inmabb006344
008 930602s1993####ne#a#####b####001#0#eng##
005 20130314142411.0
245 1 0 |a Quantum scattering theory for several particle systems /  |c by L.D. Faddeev and S.P. Merkuriev. 
260 |a Dordrecht ;  |a Boston :  |b Kluwer Academic Publishers,  |c c1993. 
300 |a xiii, 404 p. :  |b il. ;  |c 25 cm. 
440 0 |a Mathematical physics and applied mathematics ;  |v v. 11 
500 |a Traducción de: Kvantovaia teoriia rasseianiia dlia sistem neskol'kikh chastits. 
500 |a Author's names in reverse order in original Russian ed. 
504 |a Incluye referencias bibliográficas (p. [395]-399) e índice. 
505 0 |a 1. General Aspects of the Scattering Problem -- 2. Stationary Approach to Scattering Theory -- 3. The Method of Integral Equation -- 4. Configuration Space. Neutral Particles -- 5. Charged Particles in Configuration Space -- 6. Mathematical Foundation of the Scattering Problem -- 7. Some Applications -- 8. Comments on Literature. 
510 4 |a MR,  |c 94j:81276 
020 |a 0792324145 (alk. paper) 
100 1 |a Merkur'ev, S. P.  |q (Stanislav Petrovich) 
240 1 0 |a Kvantovaia teoriia rasseianiia dlia sistem neskol'kikh chastits.  |l Inglés 
700 1 |a Faddeev, L. D. 
650 0 |a Scattering (Physics) 
650 0 |a Quantum theory. 
650 0 |a Few-body problem. 
084 |a 81U10 (35P25 47A40 47N50)  |2 msc2000 
010 |a  93011377  
040 |a DLC  |c DLC  |d DLC 
041 1 |a eng  |h rus 
856 4 2 |3 Publisher description  |u http://www.loc.gov/catdir/enhancements/fy0822/93011377-d.html 
859 |h 81  |i F144  |p A-7288  |b BIB. MATEMATICA